1 Letter Change 2 Quiz Stats

 Plays Quiz not verified by Sporcle

Support Sporcle.
Go Orange.
Score 0/68 Timer 10:00
0 Plays Today
Hint Word % Correct
The Most Industrious InsectAnt
96.1%
A Single TrouserPant
96.1%
Piece, PortionPart
95.1%
First Word: SadSad
95.1%
Always Irks At BeachSand
94.2%
AlsoAnd
94.2%
A Group Of PeopleParty
85.4%
The Meat In HamburgerPatty
81.6%
Famous Italian Food Pasta
79.6%
Ctrl + VPaste
78.6%
Flowers Has ThemPetals
75.7%
A Type Of ColorPastel
74.8%
Edible Seeds That Comes In PodsPeas
74.8%
Sticky, DoughyPasty
73.8%
A Type Of FruitPear
73.8%
When It's Grey It's TeaEarl
71.8%
Inside An OysterPearl
70.9%
Ahead Of TimeEarly
69.9%
Less HighLower
69.9%
Less FastSlower
68%
Scratches, Pulls OffPeals
67%
Not LessMore
63.1%
People Use It To Clean UpShower
62.1%
Knights Usually Ride ItHorse
62.1%
Dead BodyCorpse
62.1%
PolicemenCops
61.2%
Someone That FailsLoser
60.2%
Center, GistCore
60.2%
Opposite Of BottomTop
58.3%
Common Traffic SignStop
58.3%
A Beam Of LightLaser
57.3%
Made A PerformanceShowed
57.3%
ForestCopse
57.3%
Ctrl + CCopy
57.3%
Hint Word % Correct
12 InchesFoot
57.3%
Tier, LevelLayer
56.3%
Pirates Are Looking For ItLoot
56.3%
Heal, RepairCure
55.3%
The Cow GoesMoo
55.3%
Vehicle That Goes On WaterBoat
55.3%
The Landward Limit Of The SeaShore
54.4%
A Code Of On-Off TonesMorse
54.4%
Where You Park Your CarLot
54.4%
Supernatural Being Worshipped By PeopleGod
54.4%
Not BadGood
54.4%
Person's FeelingsMood
54.4%
You Say It To Scare OthersBoo
54.4%
Species Of SnakeBoa
54.4%
Place Items By OrderSort
53.4%
HasGot
53.4%
Pig, HogBoar
52.4%
Misfortune Wished Upon SomeoneCurse
51.5%
Plan Of StudyCourse
51.5%
Athletics GameSport
51.5%
Supported A Structure From CollapsingShored
50.5%
Grown Fruit AreRipe
50.5%
CastleFort
49.5%
PointSpot
47.6%
GrowlRoar
47.6%
JourneyTrip
46.6%
RibbonCorse
44.7%
AdviceTip
44.7%
A WayRoad
42.7%
CableRope
40.8%
Catch, GraspGrip
40.8%
Sticky, GlueyRopy
39.8%
Cool, AceRad
39.8%
Ache, DisturbGripe
37.9%

You're not logged in!

Compare scores with friends on all Sporcle quizzes.
OR
Log In

From the Vault

Big Four Athlete by Mural

by hatefulmissy

Thankfully none of these murals are off the wall.
Remove Ads.
Support Sporcle.
Get the best of Sporcle when you Go Orange. This ad-free experience offers more features, more stats, and more fun while also helping to support Sporcle. Thank you for becoming a member.

Show Comments

Extras

Created Mar 4, 2011ReportNominate
Tags:Word Ladder Quiz

Top Quizzes Today


Score Distribution

Your Account Isn't Verified!

In order to create a playlist on Sporcle, you need to verify the email address you used during registration. Go to your Sporcle Settings to finish the process.

Report this User

Report this user for behavior that violates our Community Guidelines.

Details: